| 000 | 00451nam a22001697a 4500 | ||
|---|---|---|---|
| 999 |
_c478353 _d478353 |
||
| 003 | NUST | ||
| 005 | 20180523042745.0 | ||
| 008 | 180523b ||||| |||| 00| 0 eng d | ||
| 020 | _a0198535597 | ||
| 038 | _aSNS Library | ||
| 082 | _a512.2 | ||
| 100 |
_aDerek F. Holt and W. Plesken _910450 |
||
| 245 |
_aPerfect Groups _cDerek F. Holt and W. Plesken |
||
| 260 |
_aGreat Britain _bBiddles Ltd. _c1989 |
||
| 300 |
_a364 p. _bHb. |
||
| 942 |
_2ddc _cBK |
||